| 000 | 00583nam a2200193Ia 4500 | ||
|---|---|---|---|
| 005 | 20250508164838.0 | ||
| 008 | 008 250505s9999 xx 000 0 hin d | ||
| 037 | _aDissertations | ||
| 040 |
_aFEDL _beng _cFEDL |
||
| 041 |
_ahin _2eng |
||
| 084 |
_a300, MEE/DI _qFEDL |
||
| 100 |
_aMeena Rajesh Kumar _9542270 |
||
| 245 | 0 | _aSthapit sangyan aur samajik vigyan ki kakshagat prakriyao ka vishleshnatmak addhyan | |
| 260 | _c2009 | ||
| 300 | _a92p. | ||
| 546 | _aM. Ed. Dissertation (Delhi University) | ||
| 942 |
_cDIS _h300, MEE/DI |
||
| 999 |
_c1391549 _d1391549 |
||